000 00706nam a22001937a 4500
999 _c164177
_d164177
005 20190513153817.0
010 _aUR-10104
020 _c250.00
_a9789387539327
035 _aU-8659
037 _bDBAD/PUB
082 _a844.08
100 _aصد يقی سا ءم الد ين
245 _aد ر يچہ(نقيد ی مضا مين)
_cصد يقی سا ءم الد ين
246 _b‏Dareecha (Tanqeedi Mazameen)(Urdu)
_aby Siddiqui Saimuddin
260 _a Delhi
_bEducational Publishing House
_c2017 ء
270 _a3191،Vakil Street,Kucha Pandit,Lal Kuan,
_bDelhi
_e110006
_k23216162
_l00911123211540
300 _a232ص
_c22 Cm.(bk)
942 _2ddc
_cUR
_h844.08
_mص د ی